Virtuális valóság alkalmazások implementálása orvosi rehabilitáció segítésére

Elmentve itt :
Bibliográfiai részletek
Szerző: Pantea Róbert
További közreműködők: Tanács Attila (Témavezető)
Csibri Péter (Témavezető)
Dokumentumtípus: Szakdolgozat
Megjelent: 2017
Tárgyszavak:
Online Access:http://diploma.bibl.u-szeged.hu/71192
LEADER 00780nta a2200193 i 4500
001 dipl71192
005 20180607115159.0
008 180607s2017 hu om 0|| zxx d
040 |a SZTE Diploma Repozitórium  |b hun 
041 |a zxx 
100 1 |a Pantea Róbert 
245 1 0 |a Virtuális valóság alkalmazások implementálása orvosi rehabilitáció segítésére  |h [elektronikus dokumentum] /  |c Róbert Pantea 
246 1 0 |a Implementing virtual reality application for medical rehabilitation  |h [elektronikus dokumentum] 
260 |c 2017 
650 4 |a Természettudományok 
650 4 |a Natural sciences 
700 0 1 |a Tanács Attila  |e ths 
700 0 1 |a Csibri Péter  |e ths 
856 4 0 |u https://diploma.bibl.u-szeged.hu/id/eprint/71192/1/2016_Pantea_R%C3%B3bert_N4VSVJ_SZ.pdf  |z Dokumentum-elérés